Statistics for Science General Knowledge

Click here to take the quiz!

General Stats

  • This quiz has been taken 2,335 times
    (2,311 since last reset)
  • The average score is 9 of 15

Answer Stats

ScienceQuestionAnswer% Correct
ChemistryName this compound-CO2Carbon Dioxide
90%
PhysicsHow many types of radiation are there?3
83%
BiologyWhat, in a cell, contains all DNA?Nucleus
83%
BiologyHow many chromosomes do human body cells have?46
82%
BiologyWhat is the general division of cells called?Mitosis
77%
PhysicsWhat are the units for frequancy?Hz
67%
ChemistryWhat is a reaction which gives out heat called?Exothermic
59%
PhysicsName the process in which 2 small nuclei join to form a large nucleasFusion
54%
ChemistryHow many diatomic elemants are there?8
51%
ChemistryWhat is the 10th element in the periodic table?Neon
49%
BiologyName the base that pairs with adenineThymine
48%
PhysicsWhat is the only visible thing in the electromagnetic spectrum?Visible Light
43%
BiologyName the top right chamber of the heartLeft Atrium
34%
PhysicsName the the bending of waves around obsticlesDiffraction
20%
ChemistryName the reaction in which a solid is formedPrecipitation
20%

Score Distribution

Percentile by Number Answered

Percent of People with Each Score

Your Score History

You have not taken this quiz since the last reset